000 01577nam0a2200313 4500
001 RU\NLR\BIBL_A\022751945
005 20260524044610.0
010 _a978-5-6054116-9-7
_950
021 _aRU
_bКН-П-26-003314
_9КН-П-26-0299
035 _a(NLR Aleph) 022751945
090 _a13711020
_c13711020
100 _a20260312d2026 u y0rusy50 ca
101 0 _arus
102 _aRU
105 _ay z 000 y
181 0 _ai
_baxxe
182 0 _an
200 1 _aСпортивные школы г. Пскова и их герои
_e(коллективная монография)
_fВ. М. Немеровский с соавторами
_gМинистерство высшего образования и науки, Комитет по физической культуре, спорту и делам молодежи администрации г. Пскова
203 _aТекст
_bвизуальный
_cнепосредственный
210 _aПсков
_cПсковГУ
_d2026
215 _a107 с.
_cил., цв. ил.
_d21
300 _aНа 4-й с. авт.: В. М. Немеровский, к. п. н., доц., Елизавета Богданова, Анастасия Петрова - студентки [и др.]
606 1 _aДетско-юношеские спортивные школы
_yПсков, город
_92708931
_3RU\NLR\AUTH\6601770528
686 1 _aЧ514(2)702
700 1 _aНемеровский
_bВ. М.
_gВиктор Михайлович
942 _cBOOK
980 _aNB